| 000 | 00522nam a2200181Ia 4500 | ||
|---|---|---|---|
| 005 | 20250507130154.0 | ||
| 008 | 008 250505s9999 xx 000 0 eng d | ||
| 037 | _aDIS | ||
| 040 |
_aEASL _beng _cEASL |
||
| 041 |
_aeng _2eng |
||
| 084 |
_a0000190, KUM _qEASL |
||
| 100 |
_aKumar Purushotam _9675211 |
||
| 245 | 0 | _aComparative study of hindi and korean compound verbs Prof. Sreemati Chakrabarti | |
| 260 |
_aIndia _c2016 |
||
| 300 | _a92p. | ||
| 942 |
_cDIS _h0000190, KUM |
||
| 999 |
_c1318076 _d1318076 |
||